Welcome to CU Library Online Public Access Catalogue (OPAC)

Text book on food storage and preservation (Record no. 1523)

MARC details
000 -LEADER
fixed length control field 00419nam a22001457a 4500
005 - DATE AND TIME OF LATEST TRANSACTION
control field 20241125170329.0
008 - FIXED-LENGTH DATA ELEMENTS--GENERAL INFORMATION
fixed length control field 241125b |||||||| |||| 00| 0 eng d
020 ## - INTERNATIONAL STANDARD BOOK NUMBER
International Standard Book Number 8127214485
050 ## - LIBRARY OF CONGRESS CALL NUMBER
Classification number SB 129 KHA
Item number 1
100 ## - MAIN ENTRY--PERSONAL NAME
Personal name Khader, Vijaya
245 ## - TITLE STATEMENT
Title Text book on food storage and preservation
300 ## - PHYSICAL DESCRIPTION
Extent section one147p,section Two143p,, section Three91p
500 ## - GENERAL NOTE
General note tables, Annexure,sketches
942 ## - ADDED ENTRY ELEMENTS (KOHA)
Source of classification or shelving scheme Library of Congress Classification
Koha item type Books
Suppress in OPAC No
999 ## -
-- 1523
-- 1523
Holdings
Withdrawn status Lost status Source of classification or shelving scheme Damaged status Not for loan Collection Home library Current library Shelving location Date acquired Total checkouts Full call number Barcode Date last seen Copy number Price effective from Koha item type
    Library of Congress Classification     Non-fiction Graduate Library (Christ Temple) Graduate Library (Christ Temple) General stacks 11/25/2024   SB 129 KHA GSCT00000126 11/25/2024 1 11/25/2024 Books
    Library of Congress Classification     Non-fiction Undergraduate Library (Christ Temple) Undergraduate Library (Christ Temple) General stacks 09/25/2025   SB129 KHA ulct00005033 09/25/2025 1 09/25/2025 Books
    Library of Congress Classification     Non-fiction Undergraduate Library (Christ Temple) Undergraduate Library (Christ Temple)   09/26/2025   SB129 KHA ulct00005090 09/26/2025 1 09/26/2025 Books
© 2023-2024 Copyright: Central University Libraries. All Rights Reserved | Created by: Mahone Tech Office